000 00264nam a22001217a 4500
008 170608b xxu||||| |||| 00| 0 eng d
041 _aeng
080 _22ND
_a32
100 _a18
101 _aSHP
245 _aCOMPARATIVE POLITICS
_cALMOND,G.A
942 _2udc
_cBK
999 _c16530
_d16530